00903cam a2200265 a 450000100090000000300060000900500170001500800410003201000170007302000470009002000460013704000180018304200080020105000250020908200200023424500960025426000490035030000270039950400530042663000360047963000410051565000280055670000180058470000350060217178414GBCCL20241126110645.0120223s2012 ilu bd 001 0 eng  a 2012005240 a9780830817849 (USA hardcover : alk. paper) a9781844745814 (UK hardcover : alk. paper) aDLCcDLCdDLC apcc00aBS1505.55b.D53 201200a224.03223bDIC00aDictionary of the Old Testament :bprophets /ceditors, Mark J. Boda, J. Gordon McConville. aDowners Grove, Ill. :bIVP Academic,cc2012. axxvi, 966 p. ;c26 cm. aIncludes bibliographical references and indexes.00aBible.pProphetsvDictionaries.00aBible.pOld TestamentvDictionaries. 0aProphetsvDictionaries.1 aBoda, Mark J.1 aMcConville, J. G.q(J. Gordon)